Statistiques concernant Pays avec les lettres G et S

Cliquez ici pour prendre le quiz!

Statistiques générales

  • Ce quiz a été pris 355 fois
  • Le résultat moyen est 5 sur 11

Statistiques - réponses

Réponse% Correct
Guinée-Bissau
73%
Afghanistan
55%
Madagascar
45%
Sénégal
43%
Singapour
42%
Espagne
40%
Kirghizistan
39%
Papouasie-Nouvelle- Guinée
38%
Bangladesh
37%
Saint-Vincent-et-les-Grenadines
34%
Bosnie-Herzégovine
32%

Distribution des résultats

Percentile par nombre de réponses

% des personnes avec chaque résultat

Votre développement - résultats

Vous n’avez pas pris ce quiz